Actors who worked with Jean-Pierre Jeunet - Statistics

General Stats
  • This quiz has been taken 7 times
  • The average score is 23 of 42
Answer Stats
Films Answer % Correct
Amélie, A Very Long Engagement Audrey Tautou
100%
Amélie, Alien Resurrection, Delicatessen, The City of Lost Children, A Very Long Engagement, Bigbug, Micmacs, The Young and Prodigious T. S. Spivet Dominique Pinon
100%
Alien Resurrection Gary Dourdan
100%
A Very Long Engagement Gaspard Ulliel
100%
The Young and Prodigious T. S. Spivet Helena Bonham Carter
100%
Amélie Jamel Debbouze
100%
A Very Long Engagement Jodie Foster
100%
Alien Resurrection Kim Flowers
100%
Amélie Mathieu Kassovitz
100%
Alien Resurrection Michael Wincott
100%
Alien Resurrection, The City of Lost Children Ron Perlman
100%
Alien Resurrection Sigourney Weaver
100%
Alien Resurrection Winona Ryder
100%
The Young and Prodigious T. S. Spivet Julian Richings
67%
A Very Long Engagement Marion Cotillard
67%
Amélie, Delicatessen, The City of Lost Children, A Very Long Engagement Ticky Holgado
67%
A Very Long Engagement, Micmacs André Dussollier
33%
The Young and Prodigious T. S. Spivet Callum Keith Rennie
33%
A Very Long Engagement Chantal Neuwirth
33%
Bigbug Claire Chust
33%
Bigbug Claude Perron
33%
Amélie Clotilde Mollet
33%
The City of Lost Children Daniel Emilfork
33%
Micmacs Dany Boon
33%
Bigbug Elsa Zylberstein
33%
Amélie, Bigbug Isabelle Nanty
33%
Delicatessen, The City of Lost Children, A Very Long Engagement Jean-Claude Dreyfus
33%
Micmacs Jean-Pierre Marielle
33%
The City of Lost Children Judith Vittet
33%
The Young and Prodigious T. S. Spivet Judy Davis
33%
Micmacs Julie Ferrier
33%
Delicatessen Karin Viard
33%
The Young and Prodigious T. S. Spivet Kyle Catlett
33%
Amélie Lorella Cravotta
33%
Delicatessen Marie-Laure Dougnac
33%
Micmacs Omar Sy
33%
Amélie, Delicatessen, The City of Lost Children Rufus
33%
Amélie, The City of Lost Children Serge Merlin
33%
Bigbug Stéphane De Groodt
33%
Bigbug Youssef Hajdi
33%
Amélie Claire Maurier
0%
A Very Long Engagement Clovis Cornillac
0%
No matching quizzes found
Score Distribution
Percent of People with Each Score
Percentile by Number Answered
Your Score History
You have not taken this quiz